| 000 | 00438cam a2200169ua 4500 | ||
|---|---|---|---|
| 020 | _a0 07 099035 2 | ||
| 041 |
_aeng _h |
||
| 082 |
_a512.9434 _bFRA/TH |
||
| 100 | _aFrank, Ayres . | ||
| 245 |
_aTheory and problems of matrices / _cAyres Frank. _hTextual Documents |
||
| 260 |
_aNew York : _bMcGraw Hill Book Company , _c1974. |
||
| 300 | _a218 ; . | ||
| 504 | _a | ||
| 942 | _cBK | ||
| 999 |
_c10696 _d10696 |
||